000 00734nam a2200229Ii 4500
003 JO-AjNU
008 230605s9999||||xx |||||||||||||| ||und||
017 _a23852
020 _a977-358-199-3
040 _aJO-AjNU
_bara
_erda
_cJO-AjNU
041 _aara
050 1 4 _aHD30.2.2009
100 3 _aالشيمى، حسني عبدالرحمن,
_eauthor
_944047
245 0 0 _aادارة المعرفة الراسمعرفية بديلا
250 _aط1
264 3 1 _aالقاهرة:دار الفجر للنشر والتوزيع،2009
300 _a143ص
336 _atext
_btxt
_2rdacontent
337 _aunmediated
_bn
_2rdamedia
338 _avolume
_bnc
_2rdacarrier
650 4 _aالمعرفة-تنظيم وادارة
_944048
999 _aA18986
_c22554
_d22554